Doctor Who Series Two Episodes By Image - Statistics

General Stats
  • This quiz has been taken 86 times
  • The average score is 11 of 13
Answer Stats
Picture Answer % Correct
New Earth
96%
School Reunion
96%
Love & Monsters
93%
The Girl in the Fireplace
93%
Doomsday
92%
Tooth and Claw
91%
The Satan Pit
89%
Fear Her
88%
The Idiot's Lantern
85%
The Impossible Planet
84%
Age of Steel
81%
Army of Ghosts
80%
Rise of the Cybermen
77%
No matching quizzes found
Score Distribution
Percent of People with Each Score
Percentile by Number Answered
Your Score History
You have not taken this quiz